Luật đất đai (Sửa đổi, bổ sung năm 2024) và các văn bản hướng dẫn thi hành

Toàn văn Luật Đất đai, các Nghị định quy định về giá đất, bồi thường, hỗ trợ, tái định cư khi Nhà nước thu hồi đất, tiền sử dụng đất, tiền thuê đất, xử phạt vi pham hành chính trong lĩnh vực đất đai... và các văn bản hướng dẫn thi hà...

תיאור מלא

שמור ב:
מידע ביבליוגרפי
מחברים אחרים: Quách Dương (hệ thống)
פורמט: ספר
שפה:Vietnamese
יצא לאור: H. Lao động 2024
נושאים:
תגים: הוספת תג
אין תגיות, היה/י הראשונ/ה לתייג את הרשומה!
Thư viện lưu trữ: Thư viện Trường Đại học Nam Cần Thơ
LEADER 01366nam a22002057a 4500
001 NCT_4_024692
008 250703b xxu||||| |||| 00| 0 vie d
999 |c 9217  |d 9217 
020 |a 9786044926995  |c 856000 
082 0 4 |2 23rd ed.  |a 346.597043  |b L504Đ 
245 0 0 |a Luật đất đai (Sửa đổi, bổ sung năm 2024) và các văn bản hướng dẫn thi hành  |c Quách Dương (Hệ thống) 
260 |a H.  |b Lao động  |c 2024 
300 |a 1203 tr.  |c 28 cm 
520 3 |a Toàn văn Luật Đất đai, các Nghị định quy định về giá đất, bồi thường, hỗ trợ, tái định cư khi Nhà nước thu hồi đất, tiền sử dụng đất, tiền thuê đất, xử phạt vi pham hành chính trong lĩnh vực đất đai... và các văn bản hướng dẫn thi hành. 
653 |a Luật học 
700 1 |a Quách Dương  |e hệ thống 
942 |2 ddc  |c BK 
952 |0 0  |1 0  |2 ddc  |4 0  |6 346_597043000000000_L504Đ  |7 0  |9 31160  |a 000001  |b 000001  |d 2025-07-03  |o 346.597043 L504Đ  |p MD.24149  |r 2025-07-03  |v 856000.00  |w 2025-07-03  |y BK 
952 |0 0  |1 0  |2 ddc  |4 0  |6 346_597043000000000_L504Đ  |7 0  |9 31161  |a 000001  |b 000001  |d 2025-07-03  |o 346.597043 L504Đ  |p MD.24150  |r 2025-07-03  |v 856000.00  |w 2025-07-03  |y BK 
980 |a Thư viện Trường Đại học Nam Cần Thơ